000 00413cam a2200169ua 4500
020 _c5.40
041 _aeng
_h
082 _a823.308
_bMAS/FI
100 _aMason, A E W .
245 _aFire over England /
_cA E W Mason.
_hTextual Documents
260 _aLondon :
_bUniversity of London Press Ltd ,
_c1962.
300 _a224 ; .
365 _a5.40
504 _a
942 _cBK
999 _c4372
_d4372